| 000 | 006810000a22002170004500 | ||
|---|---|---|---|
| 003 | LK-CoMWRAF | ||
| 005 | 20240118135535.0 | ||
| 008 | 230817t2001 ||||| |||| 00| 0 eng d | ||
| 040 |
_aLK-CoMWRAF _dLK-CoMWRAF _eLK-CoMWRAF |
||
| 041 | _aeng | ||
| 082 |
_a305.8 _bMOH |
||
| 100 | _aMohsin, Amena | ||
| 245 | _aThe State of 'minority' rights in Bangladesh | ||
| 260 |
_aColombo: _bInternational centre for ethnic studies _c2001 |
||
| 300 | _a45 p. | ||
| 505 | _aProject: minority protection in South Asia, Bangladesh national paper | ||
| 650 | _aMINORITY RIGHTS-Bangladesh | ||
| 650 | _aBangladesh- Ethnic relations | ||
| 650 | _aFreedom of religion- Bangladesh | ||
| 942 | _cBK | ||
| 999 |
_c468 _d468 |
||